Psikologi pembelajaran dan personaliti

Bibliographic Details
Main Author: Shahabuddin Hashim
Format: Book
Published: Shah Alam : PTS Publications & Distribution , 2003
Subjects:

MARC

LEADER 00000cam a2200000 7i4500
001 0000012419
005 20050428.0
020 |a 983192226 
040 |a INS 
090 0 0 |a LB1051.   |b S1239 2003 
100 1 |a Shahabuddin Hashim 
245 1 0 |a Psikologi pembelajaran dan personaliti   |c Shahabuddin Hashim 
260 |a Shah Alam :   |b PTS Publications & Distribution ,   |c 2003 
300 |a 193p :   |b 23cm 
650 0 0 |a Educational psychology   |x Personality   |y Psychologies aspects 
999 |a 0000012258   |b BOOK   |c Microfiche   |e Default branch